| 000 | 00922nam a22002655a 4500 | ||
|---|---|---|---|
| 005 | 20201124143313.0 | ||
| 008 | 160605s2014 ii a frb 001 0 eng d | ||
| 020 | _a9789384007072 (v. 1) | ||
| 020 | _a9789384007089 (v. 2) | ||
| 040 |
_aEG-ScBUE _beng _cEG-ScBUE |
||
| 082 | 0 | 4 |
_a660 _bZAV _222 |
| 100 | 1 |
_aZaveri, Vikas. _940129 |
|
| 245 | 1 | 2 |
_aA Textbook of chemical engineering / _cVikas Zaveri, P. Vishwanathan. |
| 250 | _a1st ed. | ||
| 260 |
_aNew Delhi : _bMedTec / Scientific International PVT. LTD., _c2014. |
||
| 300 |
_a2 v. : _bill. ; _c24 cm. |
||
| 500 | _aIncludes Indexes. | ||
| 504 | _aIncludes bibliographical references. | ||
| 505 | 0 | _av. 1. Fluid flow, momentum, heat & mass transfer -- v. 2. Particle technology & separation processes. | |
| 650 | 7 |
_aSeparation (Technology) _2BUEsh _934904 |
|
| 651 | _2BUEsh | ||
| 653 |
_bENGCHE _cJune2016 |
||
| 700 | 1 |
_aVishwanathan, P. _940130 |
|
| 942 | _2ddc | ||
| 999 |
_c21851 _d21823 |
||